|
|
|
|
| LEADER |
00000cam a2200000 a 4500 |
| 001 |
TG-287 |
| 005 |
20230308191217.0 |
| 008 |
977111|1971 ||||||||r|||||||||||spa|| |
| 040 |
|
|
|b spa
|
| 041 |
1 |
|
|a spa
|
| 100 |
1 |
|
|a Carpio M., Rosario Beatriz
|9 126996
|
| 245 |
|
|
|a La Experiencia y el método inductivo
|c Rosario Beatriz Carpio M. Director Alejandro Serrano Aguilar
|h dact
|
| 264 |
|
|
|a Cuenca
|c 1971
|
| 300 |
|
|
|a 31 páginas:
|c 32 cm
|
| 502 |
|
|
|a Profesora de Segunda Enseñanza
|b Universidad de Cuenca
|c filo
|d Serrano Aguilar, Alejandro, dir.
|
| 504 |
|
|
|a incl. ref.
|
| 650 |
1 |
|
|a Ciencia experimental
|9 126997
|
| 650 |
1 |
|
|a Metodo inductivo
|9 297
|
| 650 |
|
|
|a Seminario
|9 142
|
| 852 |
|
|
|a UC-CDJBV
|c ESTANTERIA CERRADA
|k margarita.gutierrez
|l 1
|m Limitada
|p 19771115
|q 1,00
|t TG-287
|y 58958
|b 1
|d CDRC
|e CDRC
|g ESTANTERIA CERRADA
|z 1977-71-11
|
| 942 |
|
|
|c TS
|
| 999 |
|
|
|c 75419
|d 75419
|